Tìm hiểu qui định về quyền lợi và nghĩa vụ cán bộ công chức viên chức và người lao động
Spremljeno u:
| Glavni autor: | |
|---|---|
| Format: | Knjiga |
| Jezik: | Undetermined |
| Izdano: |
H.
Thống Kkê
2003
|
| Teme: | |
| Oznake: |
Dodaj oznaku
Bez oznaka, Budi prvi tko označuje ovaj zapis!
|
| Thư viện lưu trữ: | Trung tâm Học liệu Trường Đại học Cần Thơ |
|---|
| LEADER | 00626nam a2200193Ia 4500 | ||
|---|---|---|---|
| 001 | CTU_56614 | ||
| 008 | 210402s9999 xx 000 0 und d | ||
| 020 | |b 199000 | ||
| 082 | |a 344.59701 | ||
| 082 | |b Nh300 | ||
| 100 | |a Huỳnh Minh Nhị | ||
| 245 | 0 | |a Tìm hiểu qui định về quyền lợi và nghĩa vụ cán bộ công chức viên chức và người lao động | |
| 245 | 0 | |c Huỳnh Minh Nhị | |
| 260 | |a H. | ||
| 260 | |b Thống Kkê | ||
| 260 | |c 2003 | ||
| 650 | |a labor laws and legislation | ||
| 650 | |z vietnam | ||
| 980 | |a Trung tâm Học liệu Trường Đại học Cần Thơ | ||